Statistics for Music by Letter - P

Click here to take the quiz!

General Stats

  • This quiz has been taken 8,365 times
    (8,055 since last reset)
  • The average score is 15 of 22

Answer Stats

Hint Answer % Correct
Michael Jackson was king of this genrePop
97%
Singer of "Purple Rain"Prince
95%
Instrument made by Steinway & SonsPiano
94%
Bon Jovi song: "Livin' on a ______"Prayer
94%
Simon or McCartney, e.g.Paul
94%
Tool used to pluck or strum a guitarPick
87%
Triangle, bells, timpani, etc...Percussion
85%
Small, high-pitched flutePiccolo
83%
"Every Breath You Take" bandPolice, The
80%
"Gangnam Style" singerPSY
72%
One of the Three TenorsPavarotti
72%
What the P stands for in LP recordPlaying
71%
Take me down to the ________ city, where
the grass is green and the girls are pretty
Paradise
70%
Country where fado music comes fromPortugal
64%
1950 musical "South _______"Pacific
58%
Gilbert and Sullivan opera:
"The _______ of Penzance"
Pirates
57%
French singer EdithPiaf
55%
Gershwin opera: "_____ and Bess"Porgy
53%
"Every Rose Has its Thorn" bandPoison
44%
Cole, of "Anything Goes" famePorter
41%
Very fast tempo (Italian)Presto
34%
What "fermata" means in EnglishPause
25%

Score Distribution

Percentile by Number Answered

Percent of People with Each Score

Your Score History

You have not taken this quiz since the last reset